00362nam a22000977a 450000500170000010000840001724500840010126000270018530000090021270000430022120260629141559.0 aMuhammad Bux Kalhoroa21-MIAC-02aSupervisor - Prof.Dr. Muhammad Mujtaba Shaikh aOptimization of RF Amplifier Performance Using S-Parameter Analysis (Thesis ME) aNawabshahbQUESTc2025 a83p. aDepartment of Electronics Engineering